[Event "Liwali Bhaktapur Cup"]
[Site "Liwali"]
[Date "2021.03.16"]
[Round "6.1"]
[White "Lama, Surbir"]
[Black "Jati, Bikram"]
[Result "1-0"]
[WhiteElo "1965"]
[BlackElo "1800"]
[PlyCount "101"]
[EventDate "2021.03.13"]
[EventType "team-swiss"]
[EventRounds "7"]
[EventCountry "NEP"]
[SourceTitle "EXT 2022"]
[Source "ChessBase"]
[SourceDate "2021.10.06"]
[SourceVersion "1"]
[SourceVersionDate "2021.10.06"]
[SourceQuality "1"]
[WhiteTeam "Hetauda Sub Metropolitan City"]
[BlackTeam "Bhaktapur Municipality II"]
[WhiteTeamCountry "NEP"]
[BlackTeamCountry "NEP"]

1. d4 d5 2. Nf3 Bf5 3. c4 Bxb1 4. Rxb1 dxc4 5. Qa4+ c6 6. Qxc4 e6 7. e4 Nf6 8. Bd3 Be7 9. 0-0 0-0 10. b4 Nbd7 11. Qc2 h6 12. Rd1 Rc8 13. Qe2 Qc7 14. e5 Nd5 15. Bd2 Rfe8 16. Qe4 Nf8 17. Qg4 f5 18. exf6 Nxf6 19. Qh3 Bd6 20. g3 Qf7 21. Re1 Qh5 22. Qg2 Rcd8 23. b5 cxb5 24. Rxb5 Qf7 25. Rb3 b6 26. Bc1 Qh5 27. Ne5 Bxe5 28. dxe5 Nd5 29. Ba3 Rc8 30. Qe4 Nc3 31. Qb7 Qf7 32. Qxf7+ Kxf7 33. Ba6 Rc7 34. Bd6 Rc6 35. Re3 Nd5 36. Rf3+ Kg8 37. Bb5 Rc1+ 38. Kg2 Rd8 39. Bd3 Nd7 40. Bg6 Nc5 41. Ra3 a5 42. h4 Nb7 43. Bf7+ Kh8 44. Bxe6 Nxd6 45. Bxd5 Nb5 46. Rad3 Rc5 47. Bf7 Rxd3 48. Rxd3 g5 49. hxg5 hxg5 50. f4 Kg7 51. Bb3 1-0